[Event "Tingo Maria op 5th"]
[Site "Tingo Maria"]
[Date "2012.10.14"]
[Round "6"]
[White "Rojas Mena, Jhann Carlos"]
[Black "Atencia Ambicho, Fidel"]
[Result "1-0"]
[WhiteElo "1882"]
[BlackElo "1915"]
[PlyCount "91"]
[EventDate "2012.10.12"]
[EventType "swiss"]
[EventRounds "7"]
[EventCountry "PER"]
[SourceTitle "EXT 2013"]
[Source "ChessBase"]
[SourceDate "2012.11.22"]
[SourceVersion "1"]
[SourceVersionDate "2012.11.22"]
[SourceQuality "1"]

1. f4 d5 2. Nf3 c5 3. g3 Nc6 4. Bg2 Nf6 5. 0-0 Bg4 6. Ne5 Qb6 7. Nxg4 Nxg4 8. Bxd5 h5 9. e3 e6 10. Bxc6+ Qxc6 11. Qf3 Qxf3 12. Rxf3 h4 13. h3 Nf6 14. g4 Ne4 15. d3 Ng3 16. Bd2 f5 17. Be1 fxg4 18. hxg4 Bd6 19. Bxg3 hxg3 20. Nc3 Rh2 21. Rxg3 Rxc2 22. Rg2 Rxg2+ 23. Kxg2 0-0-0 24. Kf3 Rh8 25. Ne4 Be7 26. g5 Rh2 27. Nf2 b5 28. a4 b4 29. b3 e5 30. Rh1 Rxh1 31. Nxh1 Kd7 32. Ke4 Ke6 33. Nf2 g6 34. Nd1 Bd6 35. Nb2 exf4 36. exf4 Bf8 37. Nc4 Bg7 38. a5 Bd4 39. a6 Kd7 40. Kd5 Kc7 41. Ne5 Kb6 42. Nxg6 Be3 43. Ke4 Bc1 44. Ne5 Kxa6 45. g6 Kb5 46. g7 1-0